000 00710nam a2200205 i 4500
001 99267
003 ES-MaACL
005 20231222205019.0
007 t|
008 050906s1983 sp ||||1| spa d
100 1 _aMartín Gaite, Carmen,
_d1925-2000
_977496
245 1 3 _aEl Conde de Guadalhorce, su época y su labor /
_cCarmen Martín Gaite.
260 _aMadrid :
_bColegio de Ingenieros de Caminos, Canales y Puertos,
_c1983.
300 _a285 p., 7 lám. ;
_c21 cm.
490 1 _aPublicaciones ;
_v19
710 2 _aColegio de Ingenieros de Caminos, Canales y Puertos.
_9139226
830 0 _aPublicaciones ;
_v19
_9179698
852 _aES-MaACL
_jL-7317
_bR.107207
999 _c99267
_d99267